000 00640nam a2200193 a 4500
001 000015538
005 20240412074244.0
008 100212s1981 dr a 000 0 spa d
040 _aDO-SdBNP
_bspa
_cBNPHU
082 _aRD860
_bS161a
100 1 _aSalcedo, Roberto
_99536
245 1 4 _aLas aventuras de Armando /
_cRoberto Salcedo ; prólogo Ramón Alberto Ferreras.
260 _aSanto Domingo :
_bEditorial del Nordeste,
_c1981.
300 _a175 p. :
_bil. ;
_c20 cm.
500 _aAutor tomado de la cubierta del libro.
650 0 _aLiteratura dominicana.
_967
700 1 _aFerreras, Ramón Alberto,
_epról.
_911298
049 _aBNPD
999 _c15094
_d15094